Biblioteca y Centro de Documentación

L'identité masculine (Registro nro. 34067)

Detalles MARC
000 -CABECERA
Longitud fija campo de control 00935naa a2200277 c 4500
001 - NÚMERO DE CONTROL
Número de control 34067
003 - IDENTIFICADOR DE NÚMERO DE CONTROL
Identificador del número de control ES-MaCES
005 - FECHA Y HORA DE LA ÚLTIMA TRANSACCIÓN
Fecha y hora de la última transacción 20040430100700.0
008 - CAMPO FIJO DE DESCRIPCIÓN FIJA--INFORMACIÓN GENERAL
Códigos de información de longitud fija   040430n2003 fr t 000 | fre d
035 ## - NÚMERO DE CONTROL DEL SISTEMA
Número de control del sistema CES20040003429v
040 ## - FUENTE DE CATALOGACIÓN
Centro catalogador de origen ES-MaCES
Lengua de catalogación spa
Centro transcriptor ES-MaCES
245 02 - MENCIÓN DE TÍTULO
Título L'identité masculine
Resto del título : permanences et mutations
Mención de responsabilidad, etc. Dossier réalisé par Françoise Rault
504 ## - NOTA DE BIBLIOGRAFÍA, ETC.
Nota de bibliografía, etc. Bibliografía: p. 117-118
650 #4 - ASIENTO SECUNDARIO DE MATERIA--TÉRMINO DE MATERIA
Término de materia o nombre geográfico como elemento inicial conflicto
9 (RLIN) 27304
650 #4 - ASIENTO SECUNDARIO DE MATERIA--TÉRMINO DE MATERIA
Término de materia o nombre geográfico como elemento inicial emancipación
9 (RLIN) 31694
650 #4 - ASIENTO SECUNDARIO DE MATERIA--TÉRMINO DE MATERIA
Término de materia o nombre geográfico como elemento inicial mujeres
9 (RLIN) 28657
650 #4 - ASIENTO SECUNDARIO DE MATERIA--TÉRMINO DE MATERIA
Término de materia o nombre geográfico como elemento inicial cambio social
9 (RLIN) 27286
650 #4 - ASIENTO SECUNDARIO DE MATERIA--TÉRMINO DE MATERIA
Término de materia o nombre geográfico como elemento inicial papel social
9 (RLIN) 27285
650 #4 - ASIENTO SECUNDARIO DE MATERIA--TÉRMINO DE MATERIA
Término de materia o nombre geográfico como elemento inicial hombres
9 (RLIN) 28655
653 10 - TÉRMINO DE INDEXACIÓN--NO CONTROLADO
Término no controlado Asuntos Sociales
700 1# - ENCABEZAMIENTO SECUNDARIO--NOMBRE PERSONAL
Nombre de persona Rault, Françoise
Término indicativo de función ed. lit.
9 (RLIN) 21767
773 0# - ENTRADA DE DOCUMENTO FUENTE
Título Problèmes politiques et sociaux
Parte(s) relacionada(s) nº 895 (déc. 2003){10076 R. 055409}; 118 p.
Número de control del registro relacionado (ES-MaCES)25095
Itemnumber del ítem fuente 34057
902 ## - CES. TIPO DE DOCUMENTO
Tipodoc (006$c Sirtex) MON Monográfico de revista
942 ## - ELEMENTOS KOHA
Fuente de clasificaión o esquema Clasificación propia del CES
Koha [por defecto] tipo de item Artículos (1982-2017)
Parte de clasificación 3.3.

No hay ítems disponibles.

© CES, Consejo Económico y Social de España 2021